000 00371cam a2200145ua 4500
041 _aeng
_h
082 _a631.5841
_bHAI/IN
100 _aHaines, Michael .
245 _aIntroduction to farming systems /
_cMichael Haines.
_hTextual Documents
260 _aNew York :
_bLongman London ,
_c1982.
300 _a214 ; .
504 _a
942 _cBK
999 _c3350
_d3350